000 00908nam a2200229Ia 4500
003 Ost
005 20260507075651.0
008 260507s9999||||xx |||||||||||||| ||und||
040 _cfsecg
041 _aara
082 _a343.82
100 _aموزيه، فانسان
_eمؤلف
245 0 _aالمطول في العقود :
_bبيع السلع الدولية والقانون الموحد /
_c فانسان موزيه
260 _aبيروت:
_bمجد المؤسسة الجامعية للدراسات والنسر والتوزيع,
_c2005
300 _a710 صفحة؛
_bإيضاحات ؛
_c25 سم
520 _aمصادر تنظيم بيع السلع الدولية- تكوين عقد بيع السلع الدولية- مفاعيل البيع
653 _aالبيع
653 _aالسلع
653 _aالعقود
700 _aغسان، جاك
_eمؤلف ثانوي
942 _cكتاب
999 _c45611
_d45611